Quiz Star Wars #1 - Statistiques

Statistiques générales
  • Ce quiz a été pris 263 fois
    218 depuis la dernière actualisation
  • Le résultat moyen est 7 sur 10
Statistiques - réponses
Question Réponse % Correct
Quel contrebandier pilote le Faucon Millennium ? Han Solo
99%
Qui tue Obi-Wan Kenobi dans "Un nouvel espoir" ? Dark Vador
96%
Qui est le réalisateur de "Un nouvel espoir" ? George Lucas
95%
Quelle phrase célèbre prononcée par Leia dans "Un nouvel espoir" est un appelle à l'aide ? "Au secours, Obi-Wan Kenobi. Vous êtes mon seul espoir"
89%
Comment Luke détruit-il l'Étoile de la Mort à la fin du film ? Il tire un missile dans une petites trappe
85%
Quel est le nom de la base où la princesse Leia est retenue prisonnière par Dark Vador ? L'Étoile Noire
74%
Comment s'appelle le bar où Luke et Obi-Wan rencontrent Han Solo et Chewbacca ? La Cantina de Chalmun
51%
Quel acteur joue le rôle de Dark Vador (en costume, pas la voix) dans le film ? David Prowse
43%
Quel est le titre original de "Star Wars: Un nouvel espoir" lors de sa sortie initiale en 1977 ? Star Wars
39%
Quel personnage achète R2-D2 et C-3PO sur Tatooine ? Luke skywalker
21%
Aucun quiz correspondant
Distribution des résultats
% des personnes avec chaque résultat
Percentile par nombre de réponses
Votre historique - résultats
Vous n’avez pas pris ce quiz depuis la dernière actualisation